The noble scholar, jurist, historian


 His Excellency Dr. Abdul Wahhab bin Ibrahim Abu Sulaiman, may Allah have mercy on him.


 He was born in Umm Al-Qura in the year 1356 AH.

ثقافة التطرف : (Record no. 14296)

MARC details
000 -LEADER
fixed length control field 01920cam a2200301 i 4500
003 - CONTROL NUMBER IDENTIFIER
control field SA-RiAUC
005 - DATE AND TIME OF LATEST TRANSACTION
control field 20260210143517.0
008 - FIXED-LENGTH DATA ELEMENTS--GENERAL INFORMATION
fixed length control field 260209s2008____le g 000 0 ara c
020 ## - INTERNATIONAL STANDARD BOOK NUMBER
International Standard Book Number 9789953507408
024 0# - OTHER STANDARD IDENTIFIER
Standard number or code 00000000271170
040 ## - CATALOGING SOURCE
Original cataloging agency SA-JeALM
Language of cataloging ara
Transcribing agency SA-RiAUC
Modifying agency KAC
Description conventions rda
050 #4 - LIBRARY OF CONGRESS CALL NUMBER
Item number M39 2008
082 04 - DEWEY DECIMAL CLASSIFICATION NUMBER
Classification number 214.303625
Assigning agency SA-RiAUC
090 ## - LOCALLY ASSIGNED LC-TYPE CALL NUMBER (OCLC); LOCAL CALL NUMBER (RLIN)
Classification number (OCLC) (R) ; Classification number, CALL (RLIN) (NR) 214.303625
Local cutter number (OCLC) ; Book number/undivided call number, CALL (RLIN) م ز ي
100 1# - MAIN ENTRY--PERSONAL NAME
Personal name المزيني، حمزة بن قبلان بن أحمد،
Dates associated with a name 1363 هجري-
Relator term مؤلف.
245 10 - TITLE STATEMENT
Title ثقافة التطرف :
Remainder of title التصدي لها والبديل عنها /
Statement of responsibility, etc. حمزة المزيني.
250 ## - EDITION STATEMENT
Edition statement الطبعة الأولى.
264 #1 - PRODUCTION, PUBLICATION, DISTRIBUTION, MANUFACTURE, AND COPYRIGHT NOTICE
Place of production, publication, distribution, manufacture بيروت :
Name of producer, publisher, distributor, manufacturer مؤسسة الانتشار العربي،
Date of production, publication, distribution, manufacture, or copyright notice 2008
300 ## - PHYSICAL DESCRIPTION
Extent 299 صفحة ؛
Dimensions 24 سم.
336 ## - CONTENT TYPE
Content type term نص
Content type code txt
Source rdacontent
Materials specified كتاب
337 ## - MEDIA TYPE
Media type term بدون وسيط
Media type code n
Source rdamedia
500 ## - GENERAL NOTE
General note اهداء من المؤلف حمزة المزيني الى الشيخ رحمه الله بتاريخ 12 / 9 / 1430 هـ
505 0# - FORMATTED CONTENTS NOTE
Formatted contents note المحتويات : مقدمة شكرا يا خادم الحرمين الشريفين-ملحوظات على حوار الشيخ عبد الله المنيع-الرقيق والمرأة-الرقيق والمرأة : وجه شبه !-حراسة الفضيلة-الفقه الجامع-الحيازات (العلمية)-محنة التخصص-توثيق الحديث النبوي الشريف – 1-توثيق الحديث النبوي النبوي الشريف – 2-(إذا كثر المفكرون.. كثرت الفتن)-فقه الوعظ-بوادر خطاب عقلاني رشيد-هذا هو إسلامنا-أما آن لهؤلاء أن يتوقفوا !-لنواجه الحقيقة ... وموضوعات أخرى.
650 #7 - SUBJECT ADDED ENTRY--TOPICAL TERM
Topical term or geographic name entry element الإسلام والإرهاب
Source of heading or term aucsh
650 #7 - SUBJECT ADDED ENTRY--TOPICAL TERM
Topical term or geographic name entry element الإسلام والتطرف الديني
Source of heading or term aucsh
942 ## - ADDED ENTRY ELEMENTS (KOHA)
Source of classification or shelving scheme Dewey Decimal Classification
Koha item type Books
Suppress in OPAC No
949 ## - LOCAL PROCESSING INFORMATION (OCLC)
a SA-JeALM
d 260209
u osman123
n 1
Holdings
Withdrawn status Lost status Source of classification or shelving scheme Damaged status Not for loan Home library Current library Date acquired Total checkouts Full call number Barcode Date last seen Price effective from Koha item type
    Dewey Decimal Classification     DR AbdElwahab Library DR AbdElwahab Library 02/10/2026   214.303625 م ز ي 000012529 02/10/2026 02/10/2026 Books